American anthropologist

محفوظ في:

المؤلف الرئيسي: American Antheropological

التنسيق: كتاب

اللغة: Undetermined

منشور في: Washington 1899

الموضوعات:

الوسوم: إضافة وسم

لا توجد وسوم, كن أول من يضع وسما على هذه التسجيلة!

رقم الطلب: (J)GN1 .A51

LEADER 00466nam a22001697a 4500
005 20251103094021.0
008 251103s9999||||xx |||||||||||||| ||und||
050 1 4 |a (J)GN1  |b .A51 
100 1 |a American Antheropological  
245 1 0 |a American anthropologist 
264 1 |a Washington   |c 1899 
300 |c 24CM 
500 |a Also issued online  
504 |a some no have parts callerd special pulication 
650 4 |a Anthropogy periodicals  
942 |2 lcc  |c BK 
999 |c 54618  |d 54618